| 000 | 01100nam a22002537a 4500 | ||
|---|---|---|---|
| 003 | OSt | ||
| 005 | 20250904151352.0 | ||
| 008 | 240426b ||||| |||| 00| 0 eng d | ||
| 040 | _c0 | ||
| 082 | _aDPer 621.317 Ie21 November 2022 v. 37 n. 11 | ||
| 100 |
_aWang, Xiaoqiang. _eauthor. _956810 |
||
| 245 |
_aWidening the operating range of a wireless charging system using tapped transmitter winding and bifrequency pulse train control / _cXiaoqiang Wang, Liangxi He, Jianping Xu, and Chi Kwan Lee. |
||
| 260 |
_aNew York ; _bThe Institute of Electrical and Electronics Engineers, Inc. , _cNovember 2022. |
||
| 300 |
_aVolume 37, pages 13874-13883 : _billustration ; _c28 cm. |
||
| 500 | _aIEEE Transactions on Power Electronics, viol. 37, no. 11, pages 13874-13883, November 2022. | ||
| 650 | 0 |
_aCouplings. _966353 |
|
| 650 | 0 |
_aTransmitters. _966368 |
|
| 650 | 0 |
_aVoltage measurement. _965722 |
|
| 700 |
_aWang, Xiaoqiang. _eauthor. _956810 |
||
| 700 |
_aHe, Liangxi. _eauthor. _956811 |
||
| 700 |
_aXu, Jianping. _eauthor. _956812 |
||
| 700 |
_aLee, Chi Kwan. _eauthor. _956813 |
||
| 942 |
_2ddc _cPER |
||
| 999 |
_c20185 _d20185 |
||